00518nam a22001577a 450000500170000001000150001702000260003203500140005803700090007208200110008110000180009224500580011026000560016827001150022430000210033920220210115401.0 aENG-131496 a9789389152654c599.00 aEN-115028 bDBAD a599.75 aGubbi, Sanjay aLeopard Diaries:bThe Rosette In India/cSanjay Gubbi aChennaibWestland Publication Private Limitedc2021 a1st Floor, A Block, East Wing, Plot No. 40 SP infocity, Dr. MGR Salai, Pergudi, KandanchavadibChennaie600096 a239p.c22cm(pbk)